Estudios sobre la dirección de tropas / (Record no. 125403)

MARC details
000 -LEADER
campo de control de longitud fija 01374nam a2200217 i 4500
001 - NÚMERO DE CONTROL
campo de control 125403
003 - IDENTIFICADOR DE NÚMERO DE CONTROL
campo de control ES-MaACL
005 - FECHA Y HORA DE LA ÚLTIMA TRANSACCIÓN
campo de control 20230906192624.0
007 - CAMPO FIJO DE DESCRIPCIÓN FÍSICA--INFORMACIÓN GENERAL
campo de control de longitud fija t|
008 - DATOS DE LONGITUD FIJA--INFORMACIÓN GENERAL
campo de control de longitud fija 070608m19011902sp ||||1| spa d
100 1# - ENTRADA PRINCIPAL--NOMBRE DE PERSONA
Nombre de persona Verdy du Vernois, J. V.
9 (RLIN) 114063
245 10 - MENCIÓN DEL TÍTULO
Título Estudios sobre la dirección de tropas /
Mención de responsabilidad, etc. por J.V. Verdy du Vernois ; traducida con la autorización del autor por el Marqués de Zayas.
260 ## - PUBLICACIÓN, DISTRIBUCIÓN, ETC.
Lugar de publicación, distribución, etc. Barcelona :
Nombre del editor, distribuidor, etc. Administración de la Revista Científico Militar y Biblioteca Militar,
Fecha de publicación, distribución, etc. 1901-1902.
300 ## - DESCRIPCIÓN FÍSICA
Extensión 1 v. :
Otras características físicas il. ;
Dimensiones 22 cm.
500 ## - NOTA GENERAL
Nota general Cada cuaderno con pag. y port. propias.
505 8# - NOTA DE CONTENIDO CON FORMATO
Nota de contenido con formato Contiene: Parte 1ª. Cuaderno 1º. La división de infantería en un cuerpo de ejército / reformada por V. Gossler (87 p., [1] h. de map. pleg.) -- Parte 1ª. Cuaderno 2º. La división de infantería en un cuerpo de ejército / reformada por V. Gossler (82 p., [1] h. de map. pleg.) -- 1ª Parte. Cuaderno 3º. La división de infantería en un cuerpo de ejército / reformada por V. Gossler (124 p., [1] h. de map. pleg.) -- 1ª Parte. Cuaderno 4º. La división de infantería en un cuerpo de ejército / reformada por V. Gossler (80 p., [1] h. de map. pleg.)
650 #4 - PUNTO DE ACCESO ADICIONAL DE MATERIA--TÉRMINO DE MATERIA
Término de materia o nombre geográfico como elemento de entrada Estrategia.
9 (RLIN) 12558
700 1# - ENTRADA AGREGADA--NOMBRE PERSONAL
Nombre de persona Gossler, V.
9 (RLIN) 59267
700 1# - ENTRADA AGREGADA--NOMBRE PERSONAL
Nombre de persona Zayas
Títulos y otros términos asociados al nombre , Marqués de.
9 (RLIN) 118122
852 ## - LOCALIZACIÓN
Ubicación ES-MaACL
Número de control de estantería G-11256(1)
Nota libre . - Encuadernado con otra obra
Holdings
Estatus retirado Estado de pérdida Estado de daño No para préstamo Biblioteca de origen Biblioteca actual Ubicación en estantería Fecha de adquisición Fuente de adquisición Total de préstamos Signatura topográfica completa Código de barras Visto por última vez Precio de reemplazo Tipo de ítem Koha
        Biblioteca del Ateneo de Madrid Biblioteca del Ateneo de Madrid Sala Pecera Planta 3 17/01/2008     G-11256(1) 1130641 23/02/2023 23/02/2023 Libro impreso antiguo